| Поле | Инд. | ПП | Название | Значение |
|---|---|---|---|---|
| Тип записи | a | |||
| Библиографический уровень | m | |||
| 001 | Контрольный номер | 17db6342-f622-4128-a0d1-32e787a114ca | ||
| 005 | Дата корректировки | 20140227000815.3 | ||
| 008 | Кодируемые данные | 021217 | ||
| 020 | a | ISBN | 5-7615-0511-2 | |
| c | Цена, тираж | 194.00 | ||
| 020 | a | ISBN | 5-94087-025-2 | |
| 040 | a | Служба первич. каталог. | НБ ТвГУ | |
| 041 | a | Код языка текста | rus | |
| 080 | a | Индекс УДК | 536.7(075.8) | |
| a | Индекс УДК | 531.19(075.8) | ||
| 084 | a | Индекс другой классификации/Индекс ББК | В317я731-1 | |
| 090 | a | Полочн. индекс | В317 | |
| x | Авторский знак | Р87 | ||
| 100 | 1_ | a | Автор | Румер Юрий Борисович |
| 245 | 10 | a | Заглавие | Термодинамика, статистическая физика и кинетика |
| b | Продолж. заглавия | Учеб. пособие для студентов физ. специальностей вузов | ||
| c | Ответственность | Ю. Б. Румер, М. Ш. Рывкин | ||
| 250 | a | Основные сведения об издании | 3-е изд. | |
| b | Дополнительные сведения об издании | стер. | ||
| 260 | 0_ | a | Место издания | Новосибирск |
| b | Издательство | Новосибирский гос. ун-т | ||
| b | Издательство | Сибирское университетское изд-во | ||
| c | Дата издания | 2001 | ||
| 300 | a | Объем | 608 с. | |
| 500 | a | Примечание | На обороте тит. л. 2-й авт.: Рывкин Моисей Соломонович (Шоломович). | |
| 504 | a | Библиография | Библиогр.: с.604-605. | |
| 583 | a | Действие | Получение впервые 500 17.12.2002 | |
| k | Исполнитель действия | ООО "Книжный мир" | ||
| 650 | a | Основная рубрика | Термодинамика | |
| x | Основная подрубрика | Учебники для вузов | ||
| 650 | a | Основная рубрика | Статистическая физика | |
| 650 | a | Основная рубрика | Физическая кинетика | |
| 653 | a | Ключевые слова | Статистическая физика | |
| a | Ключевые слова | Термодинамика | ||
| a | Ключевые слова | Физическая кинетика | ||
| 700 | 1_ | a | Другие авторы | Рывкин Моисей Соломонович (Шоломович) |
| e | Роль лиц | авт. | ||
| 852 | t | Порядковый номер экземпляра | 14 | |
| p | Инвентарный номер | 759081 | ||
| p | Инвентарный номер | 759082 | ||
| p | Инвентарный номер | 759083 | ||
| p | Инвентарный номер | 759084 | ||
| p | Инвентарный номер | 759085 | ||
| p | Инвентарный номер | 759087 | ||
| p | Инвентарный номер | 759088 | ||
| p | Инвентарный номер | 759089 | ||
| p | Инвентарный номер | 759090 | ||
| p | Инвентарный номер | 759091 | ||
| p | Инвентарный номер | 759092 | ||
| p | Инвентарный номер | 759093 | ||
| p | Инвентарный номер | 759094 | ||
| p | Инвентарный номер | 759095 | ||
| 888 | a | За счет средств университета | ||
| 930 | a | Новая/Ретро | учебники | |
| 952 | p | 500.2002 194.00 1 759081 | ||
| p | 500.2002 194.00 1 759082 | |||
| p | 500.2002 194.00 1 759083 | |||
| p | 500.2002 194.00 1 759084 | |||
| p | 500.2002 194.00 1 759085 | |||
| p | 500.2002 194.00 1 759086 | |||
| p | 500.2002 194.00 1 759087 | |||
| p | 500.2002 194.00 1 759088 | |||
| p | 500.2002 194.00 1 759089 | |||
| p | 500.2002 194.00 1 759090 | |||
| p | 500.2002 194.00 1 759091 | |||
| p | 500.2002 194.00 1 759092 | |||
| p | 500.2002 194.00 1 759093 | |||
| p | 500.2002 194.00 1 759094 | |||
| p | 500.2002 194.00 1 759095 | |||
| c | Вид литературы | К ру | ||
| 954 | a | Дата поступления на обработку | 20021223 | |
| 999 | a | Подразделение 2 | Фил3 |